000 00255nam a22001097a 4500
082 _a621.67LOB
100 _aLobanoff
245 _aCentrifugal pumps: design and application
260 _aTokyo
_bGulf professional pub
_c1986
300 _a374p
942 _cBK
999 _c14879
_d14879